<?xml version="1.0" encoding="UTF-8"?>
<collection xmlns="http://www.loc.gov/MARC21/slim">
 <record>
  <leader>07029cam a2201189 c 4500</leader>
  <controlfield tag="001">016276868</controlfield>
  <controlfield tag="003">DE-627</controlfield>
  <controlfield tag="005">20260211144108.0</controlfield>
  <controlfield tag="007">tu</controlfield>
  <controlfield tag="008">710101s1982    gw |||||      00| ||ger c</controlfield>
  <datafield tag="015" ind1=" " ind2=" ">
   <subfield code="a">82,N42,0243</subfield>
   <subfield code="2">dnb</subfield>
  </datafield>
  <datafield tag="015" ind1=" " ind2=" ">
   <subfield code="a">83,A09,0784</subfield>
   <subfield code="2">dnb</subfield>
  </datafield>
  <datafield tag="016" ind1="7" ind2=" ">
   <subfield code="a">821109839</subfield>
   <subfield code="2">DE-101</subfield>
  </datafield>
  <datafield tag="020" ind1=" " ind2=" ">
   <subfield code="a">317007461X</subfield>
  </datafield>
  <datafield tag="035" ind1=" " ind2=" ">
   <subfield code="a">(DE-627)016276868</subfield>
  </datafield>
  <datafield tag="035" ind1=" " ind2=" ">
   <subfield code="a">(DE-603)081213182</subfield>
  </datafield>
  <datafield tag="035" ind1=" " ind2=" ">
   <subfield code="a">(DE-576)009089411</subfield>
  </datafield>
  <datafield tag="035" ind1=" " ind2=" ">
   <subfield code="a">(DE-599)GBV016276868</subfield>
  </datafield>
  <datafield tag="035" ind1=" " ind2=" ">
   <subfield code="a">(OCoLC)10376025</subfield>
  </datafield>
  <datafield tag="035" ind1=" " ind2=" ">
   <subfield code="a">(OCoLC)310719847</subfield>
  </datafield>
  <datafield tag="035" ind1=" " ind2=" ">
   <subfield code="a">(AT-OBV)AC01523709</subfield>
  </datafield>
  <datafield tag="035" ind1=" " ind2=" ">
   <subfield code="a">(DE-604)8001179551</subfield>
  </datafield>
  <datafield tag="040" ind1=" " ind2=" ">
   <subfield code="a">DE-627</subfield>
   <subfield code="b">ger</subfield>
   <subfield code="c">DE-627</subfield>
   <subfield code="e">rakwb</subfield>
  </datafield>
  <datafield tag="041" ind1=" " ind2=" ">
   <subfield code="a">ger</subfield>
  </datafield>
  <datafield tag="044" ind1=" " ind2=" ">
   <subfield code="c">XA-DE</subfield>
  </datafield>
  <datafield tag="050" ind1=" " ind2="0">
   <subfield code="a">NA7350.B24</subfield>
  </datafield>
  <datafield tag="082" ind1="0" ind2=" ">
   <subfield code="a">720/.943/46</subfield>
  </datafield>
  <datafield tag="082" ind1="0" ind2=" ">
   <subfield code="a">720.94346</subfield>
   <subfield code="q">LoC</subfield>
   <subfield code="2">DDC19oclc</subfield>
  </datafield>
  <datafield tag="084" ind1=" " ind2=" ">
   <subfield code="a">45</subfield>
   <subfield code="a">25</subfield>
   <subfield code="a">39</subfield>
   <subfield code="2">sdnb</subfield>
  </datafield>
  <datafield tag="084" ind1=" " ind2=" ">
   <subfield code="a">9,10</subfield>
   <subfield code="2">ssgn</subfield>
  </datafield>
  <datafield tag="084" ind1=" " ind2=" ">
   <subfield code="a">RE 15618</subfield>
   <subfield code="2">rvk</subfield>
   <subfield code="0">(DE-625)rvk/142265:12798</subfield>
  </datafield>
  <datafield tag="084" ind1=" " ind2=" ">
   <subfield code="a">LK 80620</subfield>
   <subfield code="2">rvk</subfield>
   <subfield code="0">(DE-625)rvk/98350:2</subfield>
  </datafield>
  <datafield tag="084" ind1=" " ind2=" ">
   <subfield code="a">LB 66090</subfield>
   <subfield code="2">rvk</subfield>
   <subfield code="0">(DE-625)rvk/90583:800</subfield>
  </datafield>
  <datafield tag="084" ind1=" " ind2=" ">
   <subfield code="a">NR 5950</subfield>
   <subfield code="2">rvk</subfield>
   <subfield code="0">(DE-625)rvk/129485:</subfield>
  </datafield>
  <datafield tag="084" ind1=" " ind2=" ">
   <subfield code="a">ZH 5750</subfield>
   <subfield code="2">rvk</subfield>
   <subfield code="0">(DE-625)rvk/156177:</subfield>
  </datafield>
  <datafield tag="084" ind1=" " ind2=" ">
   <subfield code="a">LK 79980</subfield>
   <subfield code="2">rvk</subfield>
   <subfield code="0">(DE-625)rvk/98302:154</subfield>
  </datafield>
  <datafield tag="084" ind1=" " ind2=" ">
   <subfield code="a">522</subfield>
   <subfield code="2">bwlb</subfield>
  </datafield>
  <datafield tag="084" ind1=" " ind2=" ">
   <subfield code="a">56.83</subfield>
   <subfield code="2">bkl</subfield>
  </datafield>
  <datafield tag="084" ind1=" " ind2=" ">
   <subfield code="a">74.74</subfield>
   <subfield code="2">bkl</subfield>
  </datafield>
  <datafield tag="084" ind1=" " ind2=" ">
   <subfield code="a">20.70</subfield>
   <subfield code="2">bkl</subfield>
  </datafield>
  <datafield tag="100" ind1="1" ind2=" ">
   <subfield code="a">Schöck, Inge</subfield>
   <subfield code="0">(DE-588)1052424600</subfield>
   <subfield code="0">(DE-627)788477153</subfield>
   <subfield code="0">(DE-576)408136154</subfield>
   <subfield code="4">aut</subfield>
  </datafield>
  <datafield tag="245" ind1="1" ind2="0">
   <subfield code="a">Häuser und Landschaften in Baden-Württemberg</subfield>
   <subfield code="b">Tradition und Wandel ländlicher Baukultur</subfield>
   <subfield code="c">Inge und Gustav Schöck</subfield>
  </datafield>
  <datafield tag="264" ind1=" " ind2="1">
   <subfield code="a">Stuttgart [u.a.]</subfield>
   <subfield code="b">Kohlhammer</subfield>
   <subfield code="c">1982</subfield>
  </datafield>
  <datafield tag="300" ind1=" " ind2=" ">
   <subfield code="a">160 S.</subfield>
   <subfield code="b">Ill., Kt.</subfield>
  </datafield>
  <datafield tag="336" ind1=" " ind2=" ">
   <subfield code="a">Text</subfield>
   <subfield code="b">txt</subfield>
   <subfield code="2">rdacontent</subfield>
  </datafield>
  <datafield tag="337" ind1=" " ind2=" ">
   <subfield code="a">ohne Hilfsmittel zu benutzen</subfield>
   <subfield code="b">n</subfield>
   <subfield code="2">rdamedia</subfield>
  </datafield>
  <datafield tag="338" ind1=" " ind2=" ">
   <subfield code="a">Band</subfield>
   <subfield code="b">nc</subfield>
   <subfield code="2">rdacarrier</subfield>
  </datafield>
  <datafield tag="500" ind1=" " ind2=" ">
   <subfield code="a">Literaturverz. S. 147 - 155</subfield>
  </datafield>
  <datafield tag="583" ind1="1" ind2=" ">
   <subfield code="a">Archivierung/Langzeitarchivierung gewährleistet</subfield>
   <subfield code="f">PEBW</subfield>
   <subfield code="x">XA-DE-BW</subfield>
   <subfield code="2">pdager</subfield>
   <subfield code="5">DE-24</subfield>
  </datafield>
  <datafield tag="583" ind1="1" ind2=" ">
   <subfield code="a">Archivierung/Langzeitarchivierung gewährleistet</subfield>
   <subfield code="f">SSG</subfield>
   <subfield code="x">XA-DE-BW</subfield>
   <subfield code="2">pdager</subfield>
   <subfield code="5">DE-16</subfield>
  </datafield>
  <datafield tag="650" ind1="0" ind2="7">
   <subfield code="0">(DE-588)4004955-3</subfield>
   <subfield code="0">(DE-627)106383558</subfield>
   <subfield code="0">(DE-576)208858520</subfield>
   <subfield code="a">Bautechnik</subfield>
   <subfield code="2">gnd</subfield>
   <subfield code="7">(dpeaa)DE-631</subfield>
  </datafield>
  <datafield tag="650" ind1="0" ind2="7">
   <subfield code="0">(DE-588)4159243-8</subfield>
   <subfield code="0">(DE-627)10548685X</subfield>
   <subfield code="0">(DE-576)209848677</subfield>
   <subfield code="a">Hausform</subfield>
   <subfield code="2">gnd</subfield>
   <subfield code="7">(dpeaa)DE-631</subfield>
  </datafield>
  <datafield tag="650" ind1="0" ind2="7">
   <subfield code="0">(DE-588)4004768-4</subfield>
   <subfield code="0">(DE-627)104235772</subfield>
   <subfield code="0">(DE-576)208857796</subfield>
   <subfield code="a">Bauernhaus</subfield>
   <subfield code="2">gnd</subfield>
  </datafield>
  <datafield tag="650" ind1="0" ind2="7">
   <subfield code="0">(DE-588)4023693-6</subfield>
   <subfield code="0">(DE-627)106302191</subfield>
   <subfield code="0">(DE-576)208950974</subfield>
   <subfield code="a">Haus</subfield>
   <subfield code="2">gnd</subfield>
  </datafield>
  <datafield tag="650" ind1="0" ind2="7">
   <subfield code="0">(DE-588)4245918-7</subfield>
   <subfield code="0">(DE-627)104448857</subfield>
   <subfield code="0">(DE-576)210475366</subfield>
   <subfield code="a">Hausbau</subfield>
   <subfield code="2">gnd</subfield>
  </datafield>
  <datafield tag="650" ind1=" " ind2="4">
   <subfield code="a">Architekturgeschichte</subfield>
   <subfield code="0">(DE-631)31461</subfield>
   <subfield code="7">(dpeaa)DE-631</subfield>
  </datafield>
  <datafield tag="650" ind1=" " ind2="4">
   <subfield code="a">Bauernhaus</subfield>
  </datafield>
  <datafield tag="651" ind1=" " ind2="7">
   <subfield code="0">(DE-588)4004176-1</subfield>
   <subfield code="0">(DE-627)106387154</subfield>
   <subfield code="0">(DE-576)208854444</subfield>
   <subfield code="a">Baden-Württemberg</subfield>
   <subfield code="2">gnd</subfield>
   <subfield code="7">(dpeaa)DE-631</subfield>
  </datafield>
  <datafield tag="651" ind1=" " ind2="4">
   <subfield code="a">Baden-Württemberg</subfield>
  </datafield>
  <datafield tag="653" ind1=" " ind2="0">
   <subfield code="a">Architecture, Domestic</subfield>
   <subfield code="a">Germany</subfield>
   <subfield code="a">Baden-Württemberg</subfield>
  </datafield>
  <datafield tag="653" ind1=" " ind2="0">
   <subfield code="a">Vernacular architecture</subfield>
   <subfield code="a">Germany</subfield>
   <subfield code="a">Baden-Württemberg</subfield>
  </datafield>
  <datafield tag="653" ind1=" " ind2="0">
   <subfield code="a">Baden-Württemberg (Germany)</subfield>
   <subfield code="a">Description and travel</subfield>
  </datafield>
  <datafield tag="689" ind1="0" ind2="0">
   <subfield code="d">g</subfield>
   <subfield code="0">(DE-588)4004176-1</subfield>
   <subfield code="0">(DE-627)106387154</subfield>
   <subfield code="0">(DE-576)208854444</subfield>
   <subfield code="a">Baden-Württemberg</subfield>
   <subfield code="2">gnd</subfield>
  </datafield>
  <datafield tag="689" ind1="0" ind2="1">
   <subfield code="d">s</subfield>
   <subfield code="0">(DE-588)4004768-4</subfield>
   <subfield code="0">(DE-627)104235772</subfield>
   <subfield code="0">(DE-576)208857796</subfield>
   <subfield code="a">Bauernhaus</subfield>
   <subfield code="2">gnd</subfield>
  </datafield>
  <datafield tag="689" ind1="0" ind2=" ">
   <subfield code="5">(DE-627)</subfield>
  </datafield>
  <datafield tag="689" ind1="1" ind2="0">
   <subfield code="d">g</subfield>
   <subfield code="0">(DE-588)4004176-1</subfield>
   <subfield code="0">(DE-627)106387154</subfield>
   <subfield code="0">(DE-576)208854444</subfield>
   <subfield code="a">Baden-Württemberg</subfield>
   <subfield code="2">gnd</subfield>
  </datafield>
  <datafield tag="689" ind1="1" ind2="1">
   <subfield code="d">s</subfield>
   <subfield code="0">(DE-588)4023693-6</subfield>
   <subfield code="0">(DE-627)106302191</subfield>
   <subfield code="0">(DE-576)208950974</subfield>
   <subfield code="a">Haus</subfield>
   <subfield code="2">gnd</subfield>
  </datafield>
  <datafield tag="689" ind1="1" ind2=" ">
   <subfield code="5">(DE-627)</subfield>
  </datafield>
  <datafield tag="689" ind1="2" ind2="0">
   <subfield code="d">g</subfield>
   <subfield code="0">(DE-588)4004176-1</subfield>
   <subfield code="0">(DE-627)106387154</subfield>
   <subfield code="0">(DE-576)208854444</subfield>
   <subfield code="a">Baden-Württemberg</subfield>
   <subfield code="2">gnd</subfield>
  </datafield>
  <datafield tag="689" ind1="2" ind2="1">
   <subfield code="d">s</subfield>
   <subfield code="0">(DE-588)4245918-7</subfield>
   <subfield code="0">(DE-627)104448857</subfield>
   <subfield code="0">(DE-576)210475366</subfield>
   <subfield code="a">Hausbau</subfield>
   <subfield code="2">gnd</subfield>
  </datafield>
  <datafield tag="689" ind1="2" ind2=" ">
   <subfield code="5">(DE-627)</subfield>
  </datafield>
  <datafield tag="700" ind1="1" ind2=" ">
   <subfield code="a">Schöck, Gustav</subfield>
   <subfield code="0">(DE-588)1052115705</subfield>
   <subfield code="0">(DE-627)787840823</subfield>
   <subfield code="0">(DE-576)407873295</subfield>
   <subfield code="4">aut</subfield>
  </datafield>
  <datafield tag="787" ind1="0" ind2="8">
   <subfield code="i">Rezension</subfield>
   <subfield code="a">Seidenspinner, Wolfgang, 1952 - </subfield>
   <subfield code="t">Inge und Gustav Schock, Häuser und Landschaften in Baden-Württemberg, Tradition und Wandel ländlicher Baukultur</subfield>
   <subfield code="d">1983</subfield>
   <subfield code="w">(DE-627)1477870903</subfield>
   <subfield code="w">(DE-576)407870903</subfield>
  </datafield>
  <datafield tag="787" ind1="0" ind2="8">
   <subfield code="i">Rezensiert in</subfield>
   <subfield code="a">Frank, Jakob R.</subfield>
   <subfield code="t">[Rezension von: Schöck, Inge; Schöck, Gustav, Häuser und Landschaften in Baden-Württemberg]</subfield>
   <subfield code="d">1984</subfield>
   <subfield code="w">(DE-627)1880565684</subfield>
  </datafield>
  <datafield tag="787" ind1="0" ind2="8">
   <subfield code="i">Rezensiert in</subfield>
   <subfield code="a">Kloos, Heidi-Barbara, 1942 - 2024</subfield>
   <subfield code="t">[Rezension von: Schöck, Inge; Schöck, Gustav, Häuser und Landschaften in Baden-Württemberg]</subfield>
   <subfield code="d">1983</subfield>
   <subfield code="w">(DE-627)1920457267</subfield>
  </datafield>
  <datafield tag="856" ind1="4" ind2="2">
   <subfield code="u">http://d-nb.info/821109839/04</subfield>
   <subfield code="m">B:DE-101</subfield>
   <subfield code="q">application/pdf</subfield>
   <subfield code="v">20130501</subfield>
   <subfield code="x">Verlag</subfield>
   <subfield code="3">Inhaltsverzeichnis</subfield>
   <subfield code="7">1</subfield>
  </datafield>
  <datafield tag="856" ind1="4" ind2="2">
   <subfield code="u">http://scans.hebis.de/HEBCGI/show.pl?08121318_toc.pdf</subfield>
   <subfield code="m">V:DE-605;X:Imageware</subfield>
   <subfield code="q">application/pdf</subfield>
   <subfield code="3">Inhaltsverzeichnis</subfield>
   <subfield code="7">1</subfield>
  </datafield>
  <datafield tag="935" ind1=" " ind2=" ">
   <subfield code="a">BWLB</subfield>
  </datafield>
  <datafield tag="935" ind1=" " ind2=" ">
   <subfield code="i">Blocktest</subfield>
  </datafield>
  <datafield tag="936" ind1="r" ind2="v">
   <subfield code="a">RE 15618</subfield>
   <subfield code="b">Haus-, Hof- und Dorfformen</subfield>
   <subfield code="k">Geografie</subfield>
   <subfield code="k">Regionale Geografie</subfield>
   <subfield code="k">Europa</subfield>
   <subfield code="k">Mitteleuropa</subfield>
   <subfield code="k">Deutschland</subfield>
   <subfield code="k">Deutschland (Westliche Länder)</subfield>
   <subfield code="k">Süddeutschland</subfield>
   <subfield code="k">Baden-Württemberg</subfield>
   <subfield code="k">Baden-Württemberg</subfield>
   <subfield code="k">Allgemeine Geografie</subfield>
   <subfield code="k">Anthropogeografie</subfield>
   <subfield code="k">Siedlungsgeografie</subfield>
   <subfield code="k">Teilgebiete und Einzelfragen</subfield>
   <subfield code="k">Haus-, Hof- und Dorfformen</subfield>
   <subfield code="0">(DE-627)1275462596</subfield>
   <subfield code="0">(DE-625)rvk/142265:12798</subfield>
   <subfield code="0">(DE-576)205462596</subfield>
  </datafield>
  <datafield tag="936" ind1="r" ind2="v">
   <subfield code="a">LK 80620</subfield>
   <subfield code="b">allgemein</subfield>
   <subfield code="k">Kunstgeschichte</subfield>
   <subfield code="k">Kunst nach Ländern bzw. Kontinenten</subfield>
   <subfield code="k">Deutschland</subfield>
   <subfield code="k">Deutsche Kunstgeschichte nach Gattungen</subfield>
   <subfield code="k">Architektur</subfield>
   <subfield code="k">Geschichte der deutschen Architektur nach Ländern und Landschaften</subfield>
   <subfield code="k">Länder (Verwaltungseinheiten)</subfield>
   <subfield code="k">Baden-Württemberg</subfield>
   <subfield code="k">allgemein</subfield>
   <subfield code="0">(DE-627)1271168359</subfield>
   <subfield code="0">(DE-625)rvk/98350:2</subfield>
   <subfield code="0">(DE-576)201168359</subfield>
  </datafield>
  <datafield tag="936" ind1="r" ind2="v">
   <subfield code="a">LB 66090</subfield>
   <subfield code="b">Baden-Württemberg</subfield>
   <subfield code="k">Sozial- und Kulturanthropologie. Empirische Kulturwissenschaft</subfield>
   <subfield code="k">Raum und Ort: Hausforschung, Gemeinde- und Stadtethnologie</subfield>
   <subfield code="k">Wohnen und Wirtschaften</subfield>
   <subfield code="k">Europa</subfield>
   <subfield code="k">Mitteleuropa</subfield>
   <subfield code="k">Deutschland</subfield>
   <subfield code="k">Süddeutschland</subfield>
   <subfield code="k">Baden-Württemberg</subfield>
   <subfield code="0">(DE-627)1271594196</subfield>
   <subfield code="0">(DE-625)rvk/90583:800</subfield>
   <subfield code="0">(DE-576)201594196</subfield>
  </datafield>
  <datafield tag="936" ind1="r" ind2="v">
   <subfield code="a">NR 5950</subfield>
   <subfield code="b">Landschaftsgeschichte</subfield>
   <subfield code="k">Geschichte</subfield>
   <subfield code="k">Landes- und Stadtgeschichte (Allgemeine, Deutsche und Österreichische Landes- und Stadtgeschichte, Ausländische Stadtgeschichte, Geschichte der Auslanddeutschen)</subfield>
   <subfield code="k">Deutsche Landesgeschichte im Einzelnen (einschl. ehemaliger deutscher Gebiete)</subfield>
   <subfield code="k">Baden-Württemberg mit Oberrheinland</subfield>
   <subfield code="k">Landschaftsgeschichte</subfield>
   <subfield code="0">(DE-627)1271474034</subfield>
   <subfield code="0">(DE-625)rvk/129485:</subfield>
   <subfield code="0">(DE-576)201474034</subfield>
  </datafield>
  <datafield tag="936" ind1="r" ind2="v">
   <subfield code="a">ZH 5750</subfield>
   <subfield code="b">Ländliche Bauten</subfield>
   <subfield code="k">Technik</subfield>
   <subfield code="k">Architektur</subfield>
   <subfield code="k">Wohnungsbau</subfield>
   <subfield code="k">Ländliche Bauten</subfield>
   <subfield code="0">(DE-627)1271341360</subfield>
   <subfield code="0">(DE-625)rvk/156177:</subfield>
   <subfield code="0">(DE-576)201341360</subfield>
  </datafield>
  <datafield tag="936" ind1="r" ind2="v">
   <subfield code="a">LK 79980</subfield>
   <subfield code="b">allgemein</subfield>
   <subfield code="k">Kunstgeschichte</subfield>
   <subfield code="k">Kunst nach Ländern bzw. Kontinenten</subfield>
   <subfield code="k">Deutschland</subfield>
   <subfield code="k">Deutsche Kunstgeschichte nach Gattungen</subfield>
   <subfield code="k">Architektur</subfield>
   <subfield code="k">Ordnung nach Aufgaben</subfield>
   <subfield code="k">Ländliches bzw. landwirtschaftliches Bauen</subfield>
   <subfield code="k">allgemein</subfield>
   <subfield code="0">(DE-627)1271167972</subfield>
   <subfield code="0">(DE-625)rvk/98302:154</subfield>
   <subfield code="0">(DE-576)201167972</subfield>
  </datafield>
  <datafield tag="936" ind1="b" ind2="k">
   <subfield code="a">56.83</subfield>
   <subfield code="j">Industriebau</subfield>
   <subfield code="0">(DE-627)121826120</subfield>
  </datafield>
  <datafield tag="936" ind1="b" ind2="k">
   <subfield code="a">74.74</subfield>
   <subfield code="j">Ländliche Planung</subfield>
   <subfield code="0">(DE-627)10641769X</subfield>
  </datafield>
  <datafield tag="936" ind1="b" ind2="k">
   <subfield code="a">20.70</subfield>
   <subfield code="j">Europäische Kunst: Allgemeines</subfield>
   <subfield code="0">(DE-627)106406566</subfield>
  </datafield>
  <datafield tag="936" ind1="s" ind2="n">
   <subfield code="a">l100</subfield>
   <subfield code="2">mzub</subfield>
  </datafield>
  <datafield tag="936" ind1="s" ind2="n">
   <subfield code="a">l300</subfield>
   <subfield code="2">mzub</subfield>
  </datafield>
  <datafield tag="936" ind1="s" ind2="n">
   <subfield code="a">n100</subfield>
   <subfield code="2">mzub</subfield>
  </datafield>
  <datafield tag="936" ind1="s" ind2="n">
   <subfield code="a">z210</subfield>
   <subfield code="2">mzub</subfield>
  </datafield>
  <datafield tag="936" ind1="s" ind2="n">
   <subfield code="a">z100</subfield>
   <subfield code="2">mzub</subfield>
  </datafield>
  <datafield tag="951" ind1=" " ind2=" ">
   <subfield code="a">BO</subfield>
  </datafield>
  <datafield tag="990" ind1=" " ind2=" ">
   <subfield code="a">Baden-Württemberg</subfield>
  </datafield>
  <datafield tag="990" ind1=" " ind2=" ">
   <subfield code="a">Bauernhaus</subfield>
  </datafield>
  <datafield tag="990" ind1=" " ind2=" ">
   <subfield code="a">Baden-Württemberg</subfield>
  </datafield>
  <datafield tag="990" ind1=" " ind2=" ">
   <subfield code="a">Haus</subfield>
  </datafield>
  <datafield tag="990" ind1=" " ind2=" ">
   <subfield code="a">Baden-Württemberg</subfield>
  </datafield>
  <datafield tag="990" ind1=" " ind2=" ">
   <subfield code="a">Hausbau</subfield>
  </datafield>
  <datafield tag="991" ind1=" " ind2=" ">
   <subfield code="a">Rezensiertes Werk</subfield>
  </datafield>
  <datafield tag="999" ind1=" " ind2=" ">
   <subfield code="a">KXP-PPN016276868</subfield>
   <subfield code="e">4178817493</subfield>
  </datafield>
 </record>
</collection>
